[Event "53rd ch-HUN w"]
[Site "Szeged HUN"]
[Date "2005.05.12"]
[Round "1"]
[White "Rudolf,An"]
[Black "Domany,Z"]
[Result "0-1"]
[WhiteElo "2210"]
[BlackElo "2056"]
[EventDate "2005.05.12"]

1. e4 c5 2. Nf3 Nc6 3. d4 cxd4 4. Nxd4 e5 5. Nb5 d6 6. a4 Be6 7. N1c3 a6 8.
Na3 Nf6 9. Bg5 Be7 10. Bxf6 Bxf6 11. Bc4 Bxc4 12. Nxc4 Nd4 13. Nd5 Rc8 14.
Qd3 O-O 15. O-O Rc6 16. a5 Nb5 17. Rfd1 Bg5 18. g3 Qc8 19. h4 Bd8 20. Nce3
g6 21. c3 Qe6 22. Ng2 f5 23. f3 Be7 24. Re1 Rcc8 25. Nde3 fxe4 26. fxe4 Rf3
27. Qd5 Qxd5 28. Nxd5 Bd8 29. Re3 Rxe3 30. Ngxe3 Nc7 31. Nb6 Rb8 32. b4 Nb5
33. Nbd5 Rc8 34. Rc1 Kf7 35. Kf2 Ke6 36. Ke2 Be7 37. Kd3 Rf8 38. Rf1 Na7
39. Rxf8 Bxf8 40. c4 Nc6 41. Nd1 Bh6 42. N1c3 Bc1 43. Kc2 Bh6 44. Ne2 Bf8
45. Nc1 Nd4+ 46. Kd3 Bh6 47. Ne2 Nc6 48. Kc3 Bf8 49. Nc1 Nd4 50. b5 axb5
51. Nc7+ Kd7 52. Nxb5 Ne6 53. Nd3 Nd8 54. Nb4 Ne6 55. Nd5 Nc5 56. Nf6+ Ke6
57. Nxh7 Bh6 58. Nc7+ Kd7 59. Nd5 Nxe4+ 60. Kd3 Nxg3 61. Ng5 Nf5 62. Nf3
Bf8 63. h5 Ng3 64. Nf6+ 0-1

[Event "53rd ch-HUN w"]
[Site "Szeged HUN"]
[Date "2005.05.12"]
[Round "1"]
[White "Albert,K"]
[Black "Lakos,N"]
[Result "0-1"]
[WhiteElo "2171"]
[BlackElo "2342"]
[EventDate "2005.05.12"]

1. e4 c5 2. Nf3 Nc6 3. d4 cxd4 4. Nxd4 Qc7 5. Nb5 Qb8 6. c4 a6 7. N5c3 e6
8. Be3 Nf6 9. Be2 d6 10. f4 Be7 11. O-O Nd7 12. Nd2 O-O 13. Rc1 b6 14. Qe1
Bb7 15. Qf2 Qd8 16. a3 Rb8 17. b4 a5 18. b5 Na7 19. Na4 Nc8 20. Bd3 Nc5 21.
Nxc5 dxc5 22. Qe2 f6 23. Rf3 Rf7 24. Rh3 g6 25. f5 exf5 26. exf5 g5 27. Ne4
Nd6 28. Qg4 Qd7 29. Rf1 Re8 30. Bc1 Nxe4 31. Bxe4 Qd4+ 32. Re3 Bf8 33. Rd1
Qxc4 34. Rde1 Rfe7 35. Bf3 Qxg4 36. Bxg4 Rxe3 37. Rxe3 Rxe3 38. Bxe3 Be4
39. h4 h6 40. hxg5 hxg5 41. Bf2 Bd6 42. Be2 Bxf5 43. Bc4+ Kf8 44. Kf1 Ke7
45. Ke2 Be5 46. Kd2 Be6 47. Kd3 Bf5+ 48. Kd2 Kd6 49. Be3 Bd4 50. Ke2 Be6
51. Bd3 Bxe3 52. Kxe3 Ke5 53. Be2 f5 0-1

[Event "53rd ch-HUN w"]
[Site "Szeged HUN"]
[Date "2005.05.12"]
[Round "1"]
[White "Schneider,Ve"]
[Black "Ignacz,M"]
[Result "1-0"]
[WhiteElo "2241"]
[BlackElo "2195"]
[EventDate "2005.05.12"]

1. e4 c5 2. c3 d5 3. exd5 Qxd5 4. d4 e6 5. a3 Nf6 6. Nf3 Be7 7. Be3 Ng4 8.
Nbd2 Nxe3 9. fxe3 O-O 10. Bd3 Nd7 11. O-O Qh5 12. Qc2 Nf6 13. Ne5 Nd5 14.
Rf3 f5 15. c4 Nf6 16. Rh3 Qe8 17. Ndf3 b6 18. Re1 Bb7 19. d5 g6 20. Ng5 Bd6
21. Nef3 exd5 22. cxd5 Bxd5 23. Bc4 Bxc4 24. Qxc4+ Kh8 25. Nxh7 Kg7 26.
Nxf6 Rxf6 27. Ng5 Qg8 28. Qh4 Qh8 29. Qa4 Qe8 30. Rh7+ Kg8 31. Qc4+ Re6 32.
Rh3 1-0

[Event "53rd ch-HUN w"]
[Site "Szeged HUN"]
[Date "2005.05.12"]
[Round "1"]
[White "Decsey,K"]
[Black "Madl,I"]
[Result "0-1"]
[WhiteElo "2151"]
[BlackElo "2375"]
[EventDate "2005.05.12"]

1. d4 Nf6 2. c4 c5 3. d5 g6 4. Nc3 d6 5. e4 Bg7 6. Bd3 O-O 7. Nge2 e6 8.
O-O Na6 9. a3 Nc7 10. Bg5 h6 11. Bf4 e5 12. Bd2 a6 13. b4 Nd7 14. Qc2 b6
15. Rab1 cxb4 16. axb4 a5 17. Na4 Na6 18. bxa5 bxa5 19. Rb5 Nac5 20. Ra1
Nxd3 21. Qxd3 f5 22. f3 fxe4 23. fxe4 Qc7 24. Qc3 Nf6 25. Ng3 Bd7 26. Rxa5
Rxa5 27. Qxa5 Qxc4 28. Nb6 Qd4+ 29. Kh1 Bb5 30. Qxb5 Qxa1+ 0-1

[Event "53rd ch-HUN w"]
[Site "Szeged HUN"]
[Date "2005.05.13"]
[Round "2"]
[White "Rudolf,An"]
[Black "Gara,T"]
[Result "1-0"]
[WhiteElo "2210"]
[BlackElo "2296"]
[EventDate "2005.05.12"]

1. e4 c5 2. Nf3 d6 3. d4 cxd4 4. Nxd4 Nf6 5. Nc3 Nc6 6. Bc4 Qb6 7. Nb3 e6
8. Bf4 Ne5 9. Be2 Be7 10. Be3 Qc7 11. f4 Nc6 12. Bf3 O-O 13. O-O a6 14. a4
b6 15. Qe2 Bb7 16. g4 Nd7 17. g5 Nc5 18. Bg2 Nb4 19. f5 exf5 20. exf5 Rfe8
21. f6 Bf8 22. Nd4 g6 23. Rae1 Ne4 24. Nxe4 Bxe4 25. Bxe4 Rxe4 26. c3 Nc6
27. Qc4 Rg4+ 28. Kh1 Rc8 29. Qxc6 Qxc6+ 30. Nxc6 Rxc6 31. Bd4 Rc8 32. Re2
h6 33. Rfe1 Rxg5 34. Re8 Rxe8 35. Rxe8 Rf5 36. Ra8 Rf1+ 37. Kg2 Rb1 38. b4
Rb2+ 39. Kh3 a5 40. bxa5 bxa5 41. Rxa5 Rb8 42. Ra7 d5 43. a5 Bd6 44. Rd7
Bf4 45. a6 h5 46. a7 Rc8 47. Bb6 Rxc3+ 48. Kg2 1-0

[Event "53rd ch-HUN w"]
[Site "Szeged HUN"]
[Date "2005.05.13"]
[Round "2"]
[White "Lakos,N"]
[Black "Schneider,Ve"]
[Result "1-0"]
[WhiteElo "2342"]
[BlackElo "2241"]
[EventDate "2005.05.12"]

1. e4 e6 2. d4 d5 3. Nd2 dxe4 4. Nxe4 Nd7 5. Bd3 Ngf6 6. Qe2 c5 7. Nxc5
Nxc5 8. dxc5 Bxc5 9. Nf3 O-O 10. Bg5 h6 11. Bh4 Be7 12. O-O Qc7 13. c4 Rd8
14. Ne5 b6 15. Rfe1 Bb7 16. Rad1 Bb4 17. Rf1 Be7 18. Rfe1 Bb4 19. Rf1 Be7
20. Bg3 Bd6 21. Rfe1 Bxe5 22. Bxe5 Qe7 23. b3 Rac8 24. h3 Nd7 25. Bg3 Nc5
26. Bc2 Rxd1 27. Rxd1 Rd8 28. f3 Rxd1+ 29. Qxd1 Qd7 30. Qxd7 Nxd7 31. b4
Kf8 32. Bd6+ Ke8 33. Ba4 Kd8 34. c5 bxc5 35. bxc5 Bd5 36. a3 Kc8 37. Bb5
Nb8 38. Bf8 Nd7 39. Bxg7 Nxc5 40. Bxh6 a6 41. Be2 Kd7 42. Be3 1-0

[Event "53rd ch-HUN w"]
[Site "Szeged HUN"]
[Date "2005.05.13"]
[Round "2"]
[White "Gara,A"]
[Black "Albert,K"]
[Result "1-0"]
[WhiteElo "2400"]
[BlackElo "2171"]
[EventDate "2005.05.12"]

1. e4 e6 2. d4 d5 3. e5 c5 4. c3 Ne7 5. Na3 Nec6 6. Nc2 Nd7 7. Nf3 Be7 8.
Bd3 O-O 9. O-O c4 10. Be2 f6 11. exf6 Nxf6 12. Ne5 Nxe5 13. dxe5 Ne4 14.
Be3 Qc7 15. f3 Nc5 16. f4 Bd7 17. Nd4 Ne4 18. Bg4 Nc5 19. Qf3 Rae8 20. b4
cxb3 21. axb3 Bd8 22. Qh3 Qc8 23. Rac1 b5 24. c4 dxc4 25. bxc4 Nd3 26. cxb5
Nxc1 27. Rxc1 Bc7 28. Nc6 Qb7 29. Bf3 Qxb5 30. Be4 g6 31. Nxa7 Qa5 32. Nc6
Qa4 33. Qf3 Ba5 34. h4 Qa3 35. Nxa5 Qxa5 36. h5 gxh5 37. Qxh5 Rf7 38. Rd1
Qa4 39. Rd4 Qa1+ 40. Kh2 Bb5 41. f5 exf5 42. Bd5 Ref8 43. Bxf7+ Rxf7 44.
Rd8+ Rf8 45. Qg5+ 1-0

[Event "53rd ch-HUN w"]
[Site "Szeged HUN"]
[Date "2005.05.14"]
[Round "3"]
[White "Decsey,K"]
[Black "Lakos,N"]
[Result "0-1"]
[WhiteElo "2151"]
[BlackElo "2342"]
[EventDate "2005.05.12"]

1. d4 Nf6 2. c4 e6 3. Nf3 b6 4. e3 Bb7 5. Bd3 c5 6. dxc5 bxc5 7. O-O Be7 8.
Nc3 Nc6 9. a3 O-O 10. e4 d6 11. Re1 h6 12. h3 Nd7 13. Rb1 a6 14. Bf4 Nde5
15. Nxe5 dxe5 16. Be3 Nd4 17. Ne2 a5 18. Nxd4 cxd4 19. Bd2 a4 20. f4 Bf6
21. Rf1 exf4 22. Bxf4 e5 23. Bd2 Bc6 24. Qf3 Bg5 25. Bb4 Be7 26. Qg3 f6 27.
Bd2 Kh7 28. Qg4 Bd7 29. Qh5 Rb8 30. Kh1 Rb3 31. Bc2 Rb7 32. Rf3 Qe8 33.
Qxe8 Rxe8 34. Bc1 Rc8 35. Bd3 Rcb8 36. b4 axb3 37. Bb2 Ra7 38. Ra1 Rba8 39.
Bb1 Bxa3 40. Rxb3 Bxb2 41. Rxa7 Rxa7 42. Rxb2 Bc6 43. Kg1 Rb7 44. Rxb7 Bxb7
45. Kf2 Kg8 46. Ke2 Kf8 47. Kd3 Ba6 48. Bc2 Ke7 49. Bb3 Kd6 50. g3 Kc5 51.
Ba2 Kb4 52. g4 Ka3 53. Bb1 Kb2 0-1

[Event "53rd ch-HUN w"]
[Site "Szeged HUN"]
[Date "2005.05.14"]
[Round "3"]
[White "Albert,K"]
[Black "Rudolf,An"]
[Result "0-1"]
[WhiteElo "2171"]
[BlackElo "2210"]
[EventDate "2005.05.12"]

1. e4 e6 2. d4 d5 3. e5 c5 4. c3 Nc6 5. Nf3 Bd7 6. a3 f6 7. exf6 Nxf6 8.
Bd3 Bd6 9. O-O Qc7 10. Bg5 O-O-O 11. dxc5 Bxc5 12. b4 Bd6 13. b5 Na5 14.
Be2 h6 15. Bh4 g5 16. Bg3 e5 17. Qa4 b6 18. Nbd2 Kb8 19. c4 g4 20. Nh4 d4
21. Qc2 Nd5 22. Nf5 Nf4 23. Bxf4 exf4 24. Bxg4 Be5 25. Qe4 Bc8 26. Rfe1
Rhe8 27. Qd3 h5 28. Bh3 Be6 29. Rac1 Rc8 30. Qf3 Nxc4 31. Nxc4 Bxc4 32.
Qxh5 d3 33. Re4 Bf7 34. Rxc7 Bxh5 35. Rxc8+ Rxc8 36. g4 d2 0-1

[Event "53rd ch-HUN w"]
[Site "Szeged HUN"]
[Date "2005.05.14"]
[Round "3"]
[White "Madl,I"]
[Black "Ignacz,M"]
[Result "1-0"]
[WhiteElo "2375"]
[BlackElo "2195"]
[EventDate "2005.05.12"]

1. e4 c5 2. Nf3 a6 3. Nc3 d6 4. d4 Nd7 5. d5 b5 6. a4 b4 7. Ne2 Ngf6 8. Ng3
g6 9. a5 Bg7 10. Be2 O-O 11. O-O Qc7 12. Ra2 Rd8 13. h3 Nf8 14. c4 bxc3 15.
bxc3 Bd7 16. Nd2 Be8 17. f4 N6d7 18. Qc2 Rdb8 19. Bc4 Nf6 20. Bd3 e6 21. c4
N6d7 22. Nf3 Rb7 23. Qe2 Rab8 24. Rd1 Rb4 25. Kh2 exd5 26. exd5 Nf6 27. Re1
R8b7 28. f5 Bd7 29. Qc2 Qd8 30. Qe2 Qc8 31. Rf1 Qc7 32. Kh1 Rb8 33. Bd2
R4b7 34. Bf4 Re8 35. Qd2 gxf5 36. Nxf5 Bxf5 37. Bxf5 Ng6 38. Bh6 Qb8 39.
Bxg7 Kxg7 40. Ng5 Nh5 41. Qc3+ Kg8 42. Qf3 Ng7 43. Bxg6 fxg6 44. Raf2 Nf5
45. Ne6 Rb3 46. Qf4 Qb7 47. Kh2 Rg3 48. Qxg3 1-0

[Event "53rd ch-HUN w"]
[Site "Szeged HUN"]
[Date "2005.05.14"]
[Round "3"]
[White "Schneider,Ve"]
[Black "Gara,A"]
[Result "0-1"]
[WhiteElo "2241"]
[BlackElo "2400"]
[EventDate "2005.05.12"]

1. e4 c6 2. c4 e5 3. Nf3 d6 4. d4 Bg4 5. Be2 Nd7 6. h3 Bh5 7. Nc3 Ngf6 8.
O-O Be7 9. Be3 O-O 10. d5 Bg6 11. Nd2 Nc5 12. f4 exf4 13. Rxf4 Ne8 14. Rf1
Bg5 15. Bxc5 dxc5 16. Nf3 Be3+ 17. Kh1 Nf6 18. Bd3 Nh5 19. Qe1 Bf4 20. Ne2
Bc7 21. Qh4 Re8 22. Qxd8 Raxd8 23. Nd2 cxd5 24. cxd5 Rxd5 25. Rf3 Rdd8 26.
Rc1 b6 27. g4 Nf6 28. Nc3 Be5 29. g5 Bxc3 0-1

[Event "53rd ch-HUN w"]
[Site "Szeged HUN"]
[Date "2005.05.14"]
[Round "3"]
[White "Gara,T"]
[Black "Domany,Z"]
[Result "1-0"]
[WhiteElo "2296"]
[BlackElo "2056"]
[EventDate "2005.05.12"]

1. e4 c5 2. Nf3 Nc6 3. d4 cxd4 4. Nxd4 e5 5. Nb5 d6 6. Be3 Nf6 7. Bg5 a6 8.
Bxf6 gxf6 9. N5c3 Bg7 10. Nd5 O-O 11. Bd3 Be6 12. Nbc3 Nd4 13. O-O f5 14.
exf5 Nxf5 15. f4 Qh4 16. Bxf5 Bxf5 17. fxe5 Bxe5 18. Rxf5 Qxh2+ 19. Kf1
Qh1+ 20. Ke2 Qxg2+ 21. Kd3 Qh3+ 22. Qf3 Qh4 23. Rg1+ Kh8 24. Ne4 Rac8 25.
Rh5 Qd8 26. Rxh7+ 1-0

[Event "53rd ch-HUN w"]
[Site "Szeged HUN"]
[Date "2005.05.15"]
[Round "4"]
[White "Gara,T"]
[Black "Albert,K"]
[Result "1-0"]
[WhiteElo "2296"]
[BlackElo "2171"]
[EventDate "2005.05.12"]

1. e4 e6 2. d4 d5 3. Nd2 f5 4. exf5 exf5 5. Ngf3 Nf6 6. Bd3 Be7 7. O-O O-O
8. Ne5 Be6 9. Re1 Ne4 10. f3 Nxd2 11. Bxd2 Qd6 12. Qe2 Bf6 13. c3 Re8 14.
Qf2 Nd7 15. Bf4 Qb6 16. Re2 Nf8 17. Rf1 Ng6 18. Nxg6 hxg6 19. Qg3 c5 20.
Bc7 Qc6 21. Be5 Kf7 22. dxc5 Qxc5+ 23. Qf2 Qxf2+ 24. Kxf2 a6 25. a3 Bd7 26.
Rfe1 Bxe5 27. Rxe5 Rxe5 28. Rxe5 Be6 29. f4 Rh8 30. h3 Kf6 31. Re2 b5 32.
Bc2 Ke7 33. Bb3 Kd6 34. Re3 a5 35. Ke2 Rh4 36. Rf3 Rh5 37. Rg3 Bf7 38. Bd1
Rh4 39. Ke3 Kc5 40. b4+ axb4 41. cxb4+ Kd6 42. Rf3 Rh8 43. Be2 Re8+ 44. Kd2
Rb8 45. Rc3 Be8 46. Rc5 Bc6 47. Kc3 Ra8 48. Bxb5 Bxb5 49. Rxb5 Rxa3+ 50.
Kd4 Rg3 51. Rxd5+ Kc7 52. Rc5+ Kb6 53. Rc2 Kb5 54. Rb2 g5 55. Ke5 g6 56.
fxg5 Rxg5 57. Kf4 Rh5 58. Rb3 Kc4 59. Rg3 Rh6 60. Kg5 Rh8 61. Kf6 Rf8+ 62.
Kg7 Rb8 63. Rxg6 Kd5 64. Kf6 f4 65. h4 Rxb4 66. h5 f3 67. gxf3 Rf4+ 68. Kg7
Rxf3 69. h6 Rb3 70. h7 Rb7+ 71. Kh6 Rb8 72. Rg8 Rb6+ 73. Kg5 1-0

[Event "53rd ch-HUN w"]
[Site "Szeged HUN"]
[Date "2005.05.15"]
[Round "4"]
[White "Gara,A"]
[Black "Decsey,K"]
[Result "1-0"]
[WhiteElo "2400"]
[BlackElo "2151"]
[EventDate "2005.05.12"]

1. e4 e6 2. d3 d5 3. Qe2 d4 4. e5 c5 5. Nf3 Ne7 6. h4 Nbc6 7. g3 Nd5 8. Bg2
Qc7 9. O-O Be7 10. c4 dxc3 11. bxc3 O-O 12. c4 Ndb4 13. a3 Na6 14. Bf4 b6
15. Nc3 Bb7 16. Ne4 Nd4 17. Nxd4 cxd4 18. Nf6+ Kh8 19. Qh5 gxf6 20. exf6
Qd7 21. Qh6 Rg8 22. fxe7 Rg6 23. Qf8+ 1-0

[Event "53rd ch-HUN w"]
[Site "Szeged HUN"]
[Date "2005.05.15"]
[Round "4"]
[White "Rudolf,An"]
[Black "Schneider,Ve"]
[Result "0-1"]
[WhiteElo "2210"]
[BlackElo "2241"]
[EventDate "2005.05.12"]

1. e4 c5 2. Nf3 e6 3. d4 cxd4 4. Nxd4 a6 5. c4 Qc7 6. Nc3 Nf6 7. a3 b6 8.
g3 Bb7 9. Bg2 Nc6 10. O-O Rc8 11. Nxc6 dxc6 12. Be3 c5 13. f4 h5 14. h3 Be7
15. Qe2 Bc6 16. Rae1 Qb7 17. Bc1 Rd8 18. b3 Kd7 19. Nd5 Kc8 20. b4 cxb4 21.
axb4 exd5 22. exd5 Bxb4 23. dxc6 Qc7 24. Qa2 a5 25. Be3 Rhe8 26. Kh2 Rd3
27. Qf2 Bxe1 28. Rxe1 Qe7 29. Rb1 Qxe3 30. Qb2 Qxg3+ 31. Kh1 Re1+ 0-1

[Event "53rd ch-HUN w"]
[Site "Szeged HUN"]
[Date "2005.05.16"]
[Round "5"]
[White "Decsey,K"]
[Black "Rudolf,An"]
[Result "0-1"]
[WhiteElo "2151"]
[BlackElo "2210"]
[EventDate "2005.05.12"]

1. d4 e6 2. c4 b6 3. Nf3 Bb7 4. e3 f5 5. Bd3 Nf6 6. b3 Ne4 7. O-O d6 8. Bb2
Nd7 9. Nc3 Ndf6 10. Nd2 Be7 11. Bxe4 fxe4 12. d5 exd5 13. cxd5 Ba6 14. Re1
O-O 15. Ndxe4 Nd7 16. Ne2 Ne5 17. Nf4 Qd7 18. Bxe5 dxe5 19. Ne6 Rf7 20.
N4g5 Rf5 21. Qc2 Rxg5 22. Nxg5 Bxg5 23. Red1 Be7 24. Qe4 Bd6 25. Rac1 Rf8
26. Rc2 Bc8 27. Qh4 Rf6 28. f3 Bc5 29. Qe1 a5 30. Kh1 Qf5 31. e4 Qh5 32.
Qe2 Rf4 33. Rf1 Rf6 34. Qc4 Kh8 35. Qe2 Rh6 36. g4 Qg5 37. Qd2 Qe7 38. Qe2
Rf6 39. Kg2 Rf4 40. h3 h5 41. Rcc1 Kh7 42. Rc2 Qg5 43. Kg3 h4+ 44. Kg2 Rf7
45. Qd2 Be3 46. Qe1 Ba6 47. Rh1 Rxf3 48. Kxf3 Qf4+ 49. Kg2 Qxe4+ 50. Kh2
Qxc2+ 0-1

[Event "53rd ch-HUN w"]
[Site "Szeged HUN"]
[Date "2005.05.16"]
[Round "5"]
[White "Madl,I"]
[Black "Gara,A"]
[Result "1/2-1/2"]
[WhiteElo "2375"]
[BlackElo "2400"]
[EventDate "2005.05.12"]

1. e4 e5 2. Nf3 Nf6 3. Nxe5 d6 4. Nf3 Nxe4 5. Qe2 Qe7 6. d3 Nf6 7. Bg5
Qxe2+ 8. Bxe2 Be7 9. Nc3 c6 10. O-O-O d5 11. h3 Nbd7 12. Rhe1 O-O 13. Bf1
Bc5 14. d4 Bb4 15. Bd3 h6 16. Bf4 Re8 17. Rxe8+ 1/2-1/2

[Event "53rd ch-HUN w"]
[Site "Szeged HUN"]
[Date "2005.05.16"]
[Round "5"]
[White "Albert,K"]
[Black "Domany,Z"]
[Result "0-1"]
[WhiteElo "2171"]
[BlackElo "2056"]
[EventDate "2005.05.12"]

1. e4 c5 2. Nf3 Nc6 3. d4 cxd4 4. Nxd4 e5 5. Nb5 d6 6. c4 Be7 7. N1c3 a6 8.
Na3 Be6 9. Be3 Bg5 10. Nc2 Bxe3 11. Nxe3 Nf6 12. Bd3 O-O 13. O-O Rc8 14.
Rc1 Ne7 15. Qd2 Nh5 16. g3 Nc6 17. Ne2 Qg5 18. Rfd1 Rcd8 19. Nd5 Qg4 20. b4
f5 21. Ne3 Qf3 22. exf5 Nd4 23. Nxd4 exd4 24. Nf1 Bd7 25. b5 Rde8 26. Re1
Re5 27. Rxe5 dxe5 28. Re1 Re8 29. Be4 Qa3 30. Bxb7 axb5 31. Bd5+ Kh8 32.
Bf7 Qf3 33. Bxe8 Bxe8 34. Qxd4 Nf6 35. Rxe5 Bc6 36. Qd8+ Ng8 37. Rd5 bxc4
38. Ne3 c3 39. Kf1 Bxd5 0-1

[Event "53rd ch-HUN w"]
[Site "Szeged HUN"]
[Date "2005.05.16"]
[Round "5"]
[White "Ignacz,M"]
[Black "Lakos,N"]
[Result "1/2-1/2"]
[WhiteElo "2195"]
[BlackElo "2342"]
[EventDate "2005.05.12"]

1. d4 Nf6 2. c4 e6 3. g3 d5 4. Bg2 dxc4 5. Nf3 a6 6. O-O Nc6 7. Nc3 Rb8 8.
e4 Be7 9. Qe2 Nxd4 10. Nxd4 Qxd4 11. Rd1 Qc5 12. Be3 Qa5 13. Qxc4 O-O 14.
Bf4 e5 15. Nd5 Nxd5 16. Rxd5 b5 17. Bxe5 Be6 18. Qc1 Bxd5 19. Bxc7 Qb4 20.
Bxb8 Bxe4 21. Bxe4 Qxe4 22. Bf4 Bf6 23. Rb1 Bd4 24. b3 Re8 25. Qd1 g6 26.
Rc1 h5 27. h4 Bb6 28. Rc2 Rd8 29. Rd2 Rxd2 30. Qxd2 Qb1+ 31. Kg2 Qe4+ 32.
Kg1 Qb1+ 1/2-1/2

[Event "53rd ch-HUN w"]
[Site "Szeged HUN"]
[Date "2005.05.17"]
[Round "6"]
[White "Rudolf,An"]
[Black "Madl,I"]
[Result "1/2-1/2"]
[WhiteElo "2210"]
[BlackElo "2375"]
[EventDate "2005.05.12"]

1. e4 c5 2. Nf3 d6 3. d4 Nf6 4. Nc3 cxd4 5. Nxd4 Nc6 6. Bc4 Qb6 7. Nb3 e6
8. Bf4 Ne5 9. Be2 a6 10. Be3 Qc7 11. f4 Nc4 12. Bxc4 Qxc4 13. Qf3 Qc7 14.
O-O-O b5 15. a3 Bb7 16. f5 e5 17. g4 Rc8 18. Rd2 Qc4 19. Re1 Bxe4 20. Qd1
Ba8 21. Rxd6 Bxd6 22. Qxd6 Qc7 23. Qxa6 O-O 24. Bc5 Rfe8 25. Nxb5 Qc6 26.
Qxc6 Rxc6 27. h3 Rec8 28. Na7 Rxc5 29. Nxc8 Rxc8 30. Rxe5 h6 31. Nd4 Bg2
32. Re3 Nd5 33. Rg3 Be4 34. Kd2 f6 35. b3 Kf7 36. c4 Nb6 37. Re3 Bg2 38.
Rg3 Be4 39. Re3 Bg2 40. Rg3 Be4 41. Re3 1/2-1/2

[Event "53rd ch-HUN w"]
[Site "Szeged HUN"]
[Date "2005.05.17"]
[Round "6"]
[White "Gara,A"]
[Black "Ignacz,M"]
[Result "0-1"]
[WhiteElo "2400"]
[BlackElo "2195"]
[EventDate "2005.05.12"]

1. e4 c5 2. Nf3 a6 3. c3 Qa5 4. a4 d6 5. Na3 Nf6 6. Nc4 Qc7 7. a5 Nbd7 8.
Qa4 e6 9. d4 Be7 10. e5 dxe5 11. dxe5 Nd5 12. Bd3 O-O 13. Qc2 f5 14. exf6
N7xf6 15. O-O Bd7 16. Bg5 Rae8 17. Bh4 Bd6 18. Nxd6 Qxd6 19. Bg3 Qe7 20.
Rfe1 Qd8 21. Ng5 h6 22. Nf3 Bc6 23. Ne5 Ne7 24. Nxc6 Nxc6 25. Bg6 Re7 26.
Rad1 Rd7 27. Rxd7 Qxd7 28. Rd1 Qc8 29. Bd6 Rd8 30. Bxc5 Rxd1+ 31. Qxd1 Ne5
32. Bc2 Qxc5 33. Qd8+ Kf7 34. Bb3 Neg4 35. Qd2 Qxa5 36. h3 Qa1+ 37. Bd1 Ne5
38. Kh2 Qa5 39. f4 Nc4 40. Qe2 Qc7 41. g3 b5 42. Bb3 Qc6 43. g4 Qe4 44. Qf2
Qe3 45. Qxe3 Nxe3 46. f5 Nc4 47. Kg3 exf5 48. gxf5 Ke7 0-1

[Event "53rd ch-HUN w"]
[Site "Szeged HUN"]
[Date "2005.05.17"]
[Round "6"]
[White "Gara,T"]
[Black "Decsey,K"]
[Result "1-0"]
[WhiteElo "2296"]
[BlackElo "2151"]
[EventDate "2005.05.12"]

1. e4 e6 2. d4 d5 3. Nd2 dxe4 4. Nxe4 Bd7 5. Nf3 Bc6 6. Bd3 Nd7 7. O-O Ngf6
8. Neg5 Bxf3 9. Qxf3 c6 10. Re1 Be7 11. Qh3 Nf8 12. c3 Nd5 13. Qh5 Bxg5 14.
Bxg5 Qc7 15. g3 g6 16. Qh6 f6 17. c4 fxg5 18. cxd5 O-O-O 19. dxe6 Re8 20.
Bc4 Qe7 21. Re5 Qf6 22. Rae1 Re7 23. Qxg5 Qxg5 24. Rxg5 h6 25. Rg4 Rg8 26.
h4 Kc7 27. d5 Kd6 28. dxc6 Kxc6 29. Rf4 Nh7 30. Rd1 Rge8 31. Rf7 Nf8 32.
Rxe7 Rxe7 33. Re1 Kd6 34. Kg2 a6 35. a3 b5 36. Bb3 a5 37. f4 Nh7 38. Re5
Kc6 39. h5 gxh5 40. Rxh5 1-0

[Event "53rd ch-HUN w"]
[Site "Szeged HUN"]
[Date "2005.05.18"]
[Round "7"]
[White "Lakos,N"]
[Black "Gara,A"]
[Result "1/2-1/2"]
[WhiteElo "2342"]
[BlackElo "2400"]
[EventDate "2005.05.12"]

1. e4 c6 2. d4 d5 3. Nc3 dxe4 4. Nxe4 Nf6 5. Nxf6+ gxf6 6. c3 Qd5 7. Qf3
Bf5 8. Bc4 Qxc4 9. Qxf5 Nd7 10. Ne2 e6 11. Qf3 Rg8 12. O-O Bd6 13. Bf4 Bxf4
14. Nxf4 O-O-O 15. Qe2 Nb6 16. Qxc4 Nxc4 17. b3 Nd2 18. Rfd1 Ne4 19. Ne2
Rg5 20. f3 Nd6 21. Kf2 e5 22. Ng3 Rg6 23. Ne4 Nxe4+ 24. fxe4 Rdg8 25. g3 h5
26. Rd3 h4 27. Rf3 R8g7 28. Rf1 Rg4 29. Re1 hxg3+ 30. hxg3 Kd8 31. Rxf6
Rxg3 32. dxe5 Rxc3 33. Re2 Ke7 34. Rd2 Rh7 35. Kg2 Rg7+ 36. Kf2 Rh3 37. Rd4
Rg5 38. Rfd6 Rxe5 39. Rd7+ Kf6 40. Rxb7 Rh2+ 41. Kf3 Rxa2 42. Rdd7 Rb5 43.
Rxf7+ Ke6 44. Rbe7+ Kd6 45. Rd7+ Kc5 46. Rxa7 Rxb3+ 47. Kf4 Re2 48. Rf5+
Kb6 49. Ra8 Rbe3 50. Ra4 c5 51. Rc4 Re1 52. Rfxc5 Rxe4+ 53. Rxe4 Rxe4+ 54.
Kxe4 Kxc5 1/2-1/2

[Event "53rd ch-HUN w"]
[Site "Szeged HUN"]
[Date "2005.05.18"]
[Round "7"]
[White "Schneider,Ve"]
[Black "Domany,Z"]
[Result "1-0"]
[WhiteElo "2241"]
[BlackElo "2056"]
[EventDate "2005.05.12"]

1. Nf3 d5 2. b3 Nf6 3. Bb2 c5 4. e3 Nc6 5. d4 e6 6. a3 b6 7. Bd3 Be7 8.
Nbd2 Bb7 9. O-O O-O 10. Ne5 Nxe5 11. dxe5 Ne4 12. Bxe4 dxe4 13. Qe2 Qc8 14.
Qg4 Qc6 15. Rfd1 Rad8 16. Nf1 Kh8 17. Ng3 Rg8 18. Nh5 Qc7 19. Rxd8 Bxd8 20.
Rd1 Bc6 21. c4 Qe7 22. Rd6 Qc7 23. h3 Be7 24. Rd1 Bd8 25. Ng3 Qb7 26. b4
cxb4 27. axb4 a6 28. Nh5 Be7 29. Bc3 Qc7 30. Ng3 Qb7 31. Rd4 Rd8 32. Rxd8+
Bxd8 33. Nh5 g6 34. Nf6 Bxf6 35. exf6 Qb8 36. Qh4 Kg8 37. Qh6 Qf8 38. Qf4
Qd8 39. Bd4 Kf8 40. Qh6+ Ke8 41. Qxh7 1-0

[Event "53rd ch-HUN w"]
[Site "Szeged HUN"]
[Date "2005.05.18"]
[Round "7"]
[White "Ignacz,M"]
[Black "Rudolf,An"]
[Result "1/2-1/2"]
[WhiteElo "2195"]
[BlackElo "2210"]
[EventDate "2005.05.12"]

1. c4 b6 2. b3 Bb7 3. Bb2 c5 4. e3 Nf6 5. Nf3 e6 6. Be2 Be7 7. O-O O-O 8.
d3 d6 9. Nbd2 Nbd7 10. Qc2 Qc7 11. Rac1 Rac8 12. Qb1 Qb8 13. Bd1 Rfe8 14.
Bc2 Qa8 15. Rfd1 Nf8 16. Ne1 Ng6 17. Ndf3 a6 18. d4 Red8 19. Bd3 Ne4 20.
Qa1 Bf6 21. dxc5 Bxb2 22. Qxb2 dxc5 23. Ne5 Nxe5 24. Qxe5 Qb8 25. Qh5 Nf6
26. Qe2 Rd7 27. Rc2 Rcd8 28. Rcd2 Qc7 29. f3 h6 30. Bb1 Rxd2 31. Rxd2 Rxd2
32. Qxd2 Qd7 33. Qxd7 Nxd7 34. Nd3 Kf8 35. Kf2 Ke7 36. Ke2 Kd6 37. Kd2 Ne5
38. Nf2 1/2-1/2

[Event "53rd ch-HUN w"]
[Site "Szeged HUN"]
[Date "2005.05.19"]
[Round "8"]
[White "Schneider,Ve"]
[Black "Decsey,K"]
[Result "1/2-1/2"]
[WhiteElo "2241"]
[BlackElo "2151"]
[EventDate "2005.05.12"]

1. e4 e6 2. d4 d5 3. Nd2 dxe4 4. Nxe4 Nd7 5. Bd3 Ngf6 6. Qe2 Be7 7. Be3 O-O
8. O-O-O b6 9. f3 Bb7 10. Nh3 Nd5 11. Bd2 Nb4 12. Bxb4 Bxb4 13. c3 Be7 14.
Bc2 Nf6 15. Rhe1 Qc8 16. g4 Rd8 17. Nhg5 h6 18. Nxf6+ Bxf6 19. Ne4 Be7 20.
Rh1 c5 21. dxc5 Bxc5 22. h4 Qc7 23. Kb1 Rxd1+ 24. Rxd1 Rd8 25. Nxc5 bxc5
26. h5 Rxd1+ 27. Qxd1 Kf8 28. f4 Ke7 29. Qf1 Qc6 30. Qg1 Qh1 31. Qxh1 Bxh1
32. Bd1 Kd6 33. Kc2 Kd5 34. Kd3 Be4+ 35. Ke3 Bb1 36. Bf3+ Kd6 37. a3 a5 38.
b4 cxb4 39. cxb4 axb4 40. axb4 Ba2 41. Kd4 f6 42. Ke3 Bc4 43. Bd1 Kc6 44.
Kd4 Bb5 45. Bf3+ Kd6 46. Ke3 Kc7 47. Be2 Kb6 48. Bd3 Kc6 49. Kd4 Ba4 50.
Be2 Kb6 51. Bc4 Bd7 52. Be2 Ba4 53. Bc4 Bd7 54. Be2 Ba4 55. Kc3 Bc6 56. Bd1
Kb5 57. Bb3 Bd7 58. Bc4+ Kb6 59. Be2 Bc6 60. Bd1 Kb5 1/2-1/2

[Event "53rd ch-HUN w"]
[Site "Szeged HUN"]
[Date "2005.05.19"]
[Round "8"]
[White "Rudolf,An"]
[Black "Lakos,N"]
[Result "0-1"]
[WhiteElo "2210"]
[BlackElo "2342"]
[EventDate "2005.05.12"]

1. e4 e5 2. Nf3 d6 3. d4 exd4 4. Nxd4 Nf6 5. Nc3 Be7 6. f3 O-O 7. Be3 Re8
8. Bc4 c6 9. O-O b5 10. Bb3 a6 11. a4 b4 12. Nb1 Qc7 13. Nd2 d5 14. Kh1 Bd6
15. Bg1 c5 16. Ne2 c4 17. Ba2 Bb7 18. exd5 Bxd5 19. Nd4 g6 20. Re1 Nbd7 21.
Rxe8+ Rxe8 22. Qf1 Ne5 23. Bf2 Kg7 24. Bb1 c3 25. bxc3 bxc3 26. N2b3 Nc4
27. Ba2 Bxh2 28. Qd3 Bg3 29. Bxg3 Qxg3 30. Qxc3 Re3 31. Qb4 Ng4 32. Kg1
Qf2+ 0-1

[Event "53rd ch-HUN w"]
[Site "Szeged HUN"]
[Date "2005.05.19"]
[Round "8"]
[White "Gara,T"]
[Black "Ignacz,M"]
[Result "1-0"]
[WhiteElo "2296"]
[BlackElo "2195"]
[EventDate "2005.05.12"]

1. e4 c5 2. Nf3 a6 3. c4 d6 4. d4 cxd4 5. Nxd4 Nf6 6. Nc3 e6 7. Be2 Be7 8.
O-O Nbd7 9. Be3 Qc7 10. f3 b6 11. Qd2 Bb7 12. Rac1 O-O 13. Rfd1 Rac8 14.
Bf1 Qb8 15. Qf2 Bd8 16. g4 Ne5 17. g5 Nfd7 18. b3 d5 19. cxd5 exd5 20. Nxd5
Rxc1 21. Bxc1 Bxd5 22. exd5 b5 23. f4 Ng6 24. Bh3 Qb7 25. Nc6 f6 26. Nxd8
Rxd8 27. Bf5 Ngf8 28. Bb2 fxg5 29. fxg5 Nb6 30. d6 Nc8 31. d7 Ne7 32. Ba3
b4 33. Bb2 Qb5 34. Bh3 Qxg5+ 35. Kh1 Qh5 36. Rg1 Qd5+ 37. Bg2 Qxd7 38. Qe1
a5 39. Bxg7 Nfg6 40. Bb2 Nf5 41. Qf2 1-0